000 00577nam a2200229Ia 4500
003 OSt
005 20221005124945.0
006 a|||||r|||| 00| 0
007 ta
008 221004b |||||||| |||| 00| 0 eng d
024 _a53184
037 _cTextual
040 _aCRL
_cCRL
_beng
041 _2eng
_aeng
082 _aR39Y, K31
100 _aBlackham H J , etc
_9636020
245 0 _aObjections to humanism ed H J Blackham
260 _c1963
650 _aPHILOSOPHY
942 _hR39Y, K31
_cTEXL
_2cc
999 _c1052240
_d1052240